[Event "Naestved Unichess 1"]
[Site "Naestved"]
[Date "1996.10.18"]
[Round "3"]
[White "Askgaard, Jens"]
[Black "Knudsen, Ole Bech"]
[Result "0-1"]
[WhiteElo "2013"]
[BlackElo "1992"]
[PlyCount "81"]
[EventDate "1996.10.12"]
[EventType "swiss"]
[EventRounds "5"]
[EventCountry "DEN"]
[SourceTitle "EXT 2023"]
[Source "ChessBase"]
[SourceDate "2022.10.05"]
[SourceVersion "1"]
[SourceVersionDate "2022.10.05"]
[SourceQuality "1"]

1. d4 d5 2. c4 c6 3. Nf3 Nf6 4. Qc2 g6 5. g3 Bg7 6. Bg2 0-0 7. 0-0 Qb6 8. c5 Qd8 9. Nc3 Bf5 10. Qa4 Nbd7 11. b4 e5 12. dxe5 Ng4 13. Bg5 Qe8 14. Rac1 Ngxe5 15. Nxe5 Nxe5 16. Rfd1 a6 17. Bf4 Rd8 18. h3 h5 19. e4 dxe4 20. Rxd8 Qxd8 21. Rd1 Qc8 22. Nxe4 Bxe4 23. Bxe4 Qxh3 24. Bxe5 Bxe5 25. Bg2 Qg4 26. Re1 Bf6 27. Re4 Qg5 28. Qa5 Rd8 29. Qc7 Rd1+ 30. Kh2 Rd2 31. Qxb7 Rxf2 32. Qxc6 Kg7 33. Qd6 h4 34. Re8 hxg3+ 35. Qxg3 Qxg3+ 36. Kxg3 Rxa2 37. Ra8 Ra4 38. c6 Rxb4 39. Rxa6 Rc4 40. Ra7 Be5+ 41. Kh3 0-1